000 00758nam a22002177a 4500
003 DO-SdBNP
005 20240314193807.0
008 211206b2015 ||||| |||| 00| 0 spa d
020 _a9789945083804
040 _aDO-SdBNP
_bspa
_cBNPH
082 _a345.05
_bM896p
100 1 _aMoscoso Segarra, Alejandro A
_d1964-
_962241
245 1 _aProcesal penal :
_bdiez años de interpretación : suplemento 2015 /
_cAlejandro Moscoso Segarra ; editor Ängel Potentini
260 _aSanto Domingo :
_bLibrería Jurídica Internacional,
_c2015
300 _a107 p. ;
_c24 cm
590 _aInventariado, 2021 / DG
650 _aProcedimiento penal
_zRepública Dominicana
_980820
700 _aPotentini, Ángel
_eEditor
_980821
910 _aD/G
942 _2ddc
_cLBS1
999 _c51104
_d51104